[Event "SEMI A049 email"]
[Site "SEMI email"]
[Date "2004.07.15"]
[Round "?"]
[White "Noble, Mark Frederick"]
[Black "Tescaro, Stefano"]
[Result "1/2-1/2"]
[WhiteElo "2260"]
[BlackElo "1800"]
[PlyCount "57"]
[EventDate "2004.07.15"]
[EventType "tourn (corr)"]
[EventRounds "6"]
[EventCountry "ITA"]
[SourceTitle "Corr 2008"]
[Source "ChessBase"]
[SourceDate "2008.06.24"]
[SourceVersion "1"]
[SourceVersionDate "2008.06.24"]
[SourceQuality "1"]

1. d4 Nf6 2. c4 g6 3. Nc3 Bg7 4. e4 d6 5. f3 b6 6. Be3 Bb7 7. Qd2 c5 8. d5 Nbd7 9. Bd3 Ne5 10. Nge2 a6 11. 0-0 h5 12. a3 h4 13. b3 Qd7 14. Rab1 h3 15. g3 0-0 16. Rf2 Rab8 17. a4 e6 18. Bc2 Nh7 19. Rbf1 exd5 20. Nxd5 Bxd5 21. Qxd5 b5 22. cxb5 axb5 23. Nc3 Nf6 24. Qd1 bxa4 25. bxa4 Nc4 26. Bc1 Ne8 27. Nd5 Nc7 28. Bf4 Nxd5 29. Qxd5 1/2-1/2

[Event "Veneto-ch Quarti di Finale 64th"]
[Site "Arqua Petrarca"]
[Date "2004.05.16"]
[Round "5.23"]
[White "Tescaro, Stefano"]
[Black "Negro, Raffaele"]
[Result "0-1"]
[WhiteElo "1700"]
[BlackElo "1751"]
[PlyCount "52"]
[EventDate "2004.05.08"]
[EventType "swiss"]
[EventRounds "6"]
[EventCountry "ITA"]
[SourceTitle "EXT 2023"]
[Source "ChessBase"]
[SourceDate "2022.10.05"]
[SourceVersion "1"]
[SourceVersionDate "2022.10.05"]
[SourceQuality "1"]

1. d4 f5 2. Nf3 g6 3. b4 Bg7 4. Bb2 Nf6 5. e3 0-0 6. c4 d6 7. Qc2 Qe8 8. Nbd2 Nbd7 9. Be2 e5 10. 0-0 e4 11. Ng5 h6 12. Nh3 c5 13. Rfe1 Ng4 14. Nxe4 Nxe3 15. fxe3 fxe4 16. Nf4 Nf6 17. a4 g5 18. Nh3 Ng4 19. Bxg4 Bxg4 20. Nf2 Bf5 21. g4 Bg6 22. Kf1 Qf7 23. Re2 Qf3 24. Kg1 h5 25. Rf1 hxg4 26. Qd1 g3 0-1